Statistics for West Bromwich Albion FC 2020-2021 Squad

Click here to take the quiz!

General Stats

  • This quiz has been taken 170 times
    (129 since last reset)
  • The average score is 16 of 29

Answer Stats

PositionKit NumberNationalityAnswer% Correct
GK#1EnglandSam Johnstone
98%
DEF#6NigeriaSemi Ajayi
84%
MID#12BrazilMatheus Pereira
80%
ManagerN/AEnglandSam Allardyce
76%
DEF#5EnglandKyle Bartley
75%
MID (c)#8EnglandJake Livermore
73%
MID#19Saint Kitts and NevisRomaine Sawyers
73%
DEF#2EnglandDarnell Furlong
71%
DEF#26EgyptAhmed Hegazi
69%
GK#25EnglandDavid Button
69%
FOR#7IrelandCallum Robinson
62%
DEF#27IrelandDara O'Shea
62%
MID`#11D.R CongoGrady Diangana
62%
DEF#20SerbiaBranislav Ivanović
61%
DEF#14EnglandConor Townsend
61%
FOR#4WalesHal Robson-Kanu
60%
DEF#3EnglandKieran Gibbs
56%
MID#13PolandKamil Grosicki
55%
MID#17CroatiaFilip Krovinović
49%
DEF#24Ivory CoastCédric Kipré
47%
MID#18EnglandConor Gallagher
46%
FOR#9DenmarkKenneth Zohore
44%
MID#10EnglandMatt Phillips
40%
GK#23EnglandJonathan Bond
33%
FOR#15EnglandCharlie Austin
31%
DEF#22EnglandLee Peltier
19%
MID#16EnglandRekeem Harper
19%
MID#21EnglandKyle Edwards
15%
MID#28EnglandSam Field
14%

Score Distribution

Percentile by Number Answered

Percent of People with Each Score

Your Score History

You have not taken this quiz since the last reset